Jardiel Poncela (Record no. 10733)
[ view plain ]
| 000 -LEADER | |
|---|---|
| campo de control de longitud fija | 01412nam a22002775i 4500 |
| 001 - NÚMERO DE CONTROL | |
| campo de control | 10733 |
| 003 - IDENTIFICADOR DE NÚMERO DE CONTROL | |
| campo de control | ES-MaACL |
| 005 - FECHA Y HORA DE LA ÚLTIMA TRANSACCIÓN | |
| campo de control | 20250909230633.0 |
| 008 - DATOS DE LONGITUD FIJA--INFORMACIÓN GENERAL | |
| campo de control de longitud fija | 940308s1993 sp ||||0| spa |
| 020 ## - NÚMERO INTERNACIONAL ESTÁNDAR DEL LIBRO | |
| Número Internacional Estándar del Libro | 84-7658-414-8 |
| 080 ## - NÚMERO DE LA CLASIFICACIÓN DECIMAL UNIVERSAL | |
| Número de la Clasificación Decimal Universal | 860 Jardiel Poncela, Enrique 1.06(063) |
| 111 2# - ENTRADA PRINCIPAL--NOMBRE DE CONGRESO/REUNIÓN | |
| Nombre de congreso/reunión o jurisdicción como elemento de entrada | Congreso de Literatura Española Contemporánea ( |
| Número del congreso/reunión o número de parte o sección | 6º. |
| Fecha del congreso o de la firma del tratado | 1992. |
| Sede del congreso/Lugar de la reunión | Málaga) |
| 9 (RLIN) | 328 |
| 245 10 - MENCIÓN DEL TÍTULO | |
| Título | Jardiel Poncela |
| Resto del título | : teatro, vanguardia y humor : actas del VI Congreso de Literatura Española Contemporánea : Universidad de Málaga, 10, 11, 12 y 13 de noviembre de 1992 / |
| Mención de responsabilidad, etc. | edición dirigida por Cristóbal Cuevas García y coordinada por Enrique Baena : organización del congreso, Antonio Garrido ... [et al.]. |
| 250 ## - MENCION DE EDICION | |
| Mención de edición | 1ª ed. |
| 260 ## - PUBLICACIÓN, DISTRIBUCIÓN, ETC. | |
| Lugar de publicación, distribución, etc. | Barcelona : |
| Nombre del editor, distribuidor, etc. | Anthropos ; |
| Lugar de publicación, distribución, etc. | Málaga : |
| Nombre del editor, distribuidor, etc. | Servicio de Publicaciones e Intercambio Científico de la Universidad, |
| Fecha de publicación, distribución, etc. | 1993. |
| 300 ## - DESCRIPCIÓN FÍSICA | |
| Extensión | 302 p ; |
| Dimensiones | 20 cm. |
| 490 1# - MENCIÓN DE SERIE | |
| Mención de serie | Autores, textos y temas. Literatura y teoría literaria ; |
| Designación de volumen o secuencia | 19 |
| 600 14 - PUNTO DE ACCESO ADICIONAL DE MATERIA--NOMBRE DE PERSONA | |
| Nombre de persona | Jardiel Poncela, Enrique, |
| Fechas asociadas al nombre | 1901-1952- |
| Subdivisión de forma | Congresos y asambleas |
| 9 (RLIN) | 172405 |
| 700 0# - ENTRADA AGREGADA--NOMBRE PERSONAL | |
| Nombre de persona | Cuevas García, Cristóbal, |
| Fechas asociadas al nombre | 1933-2013 |
| 9 (RLIN) | 42107 |
| 700 1# - ENTRADA AGREGADA--NOMBRE PERSONAL | |
| Nombre de persona | Baena, Enrique. |
| 9 (RLIN) | 24583 |
| 700 1# - ENTRADA AGREGADA--NOMBRE PERSONAL | |
| Nombre de persona | Garrido Domínguez, Antonio. |
| 9 (RLIN) | 55696 |
| 710 2# - ENTRADA AGREGADA--NOMBRE DE ENTIDAD CORPORATIVA | |
| Nombre de entidad corporativa o nombre de jurisdicción como elemento de entrada | Universidad de Málaga. |
| 9 (RLIN) | 7219 |
| 830 1# - PUNTO DE ACCESO ADICIONAL DE SERIE-TÍTULO UNIFORME | |
| Título uniforme | Autores, textos y temas. Literatura y teoría literaria ; |
| Designación de volumen o secuencia | 19 |
| 9 (RLIN) | 228135 |
| 852 ## - LOCALIZACIÓN | |
| Ubicación | ES-MaACL |
| Número de control de estantería | L-18086 |
| Estatus retirado | Estado de pérdida | Estado de daño | No para préstamo | Biblioteca de origen | Biblioteca actual | Ubicación en estantería | Fecha de adquisición | Fuente de adquisición | Total de préstamos | Signatura topográfica completa | Código de barras | Visto por última vez | Precio de reemplazo | Tipo de ítem Koha |
|---|---|---|---|---|---|---|---|---|---|---|---|---|---|---|
| Biblioteca del Ateneo de Madrid | Biblioteca del Ateneo de Madrid | Depósito 2 | 17/01/2008 | L-18086 | 1010948 | 23/02/2023 | 23/02/2023 | Libro impreso |
